Strategi pembelajaran inventori cara belajar Bahasa Melayu

Bibliographic Details
Main Author: Zamri Mahamod
Format: Book
Published: Kuala Lumpur : Dewan Bahasa dan Pustaka , 2015
Subjects:

MARC

LEADER 00000cam a2200000 7i4500
001 0000200499
005 20170426.0
020 |a 9789834901875 
090 0 0 |a 499.2307   |b ZAM 
100 1 |a Zamri Mahamod 
245 1 0 |a Strategi pembelajaran inventori cara belajar Bahasa Melayu   |c Zamri Mahamod 
260 |a Kuala Lumpur :   |b Dewan Bahasa dan Pustaka ,   |c 2015 
300 |a 289p. ;   |c 22cm. 
650 0 0 |a Language and languages   |x Study and teaching 
650 0 0 |a Malay language   |x Study and teaching 
650 0 0 |a Malay language   |x Usage 
999 |a 00338887   |b BUKU   |c PINJAMAN   |e PERPUSTAKAAN KOMUNITI PETALING JAYA